| 000 | 00528nam a2200145Ia 4500 | ||
|---|---|---|---|
| 008 | 230917s9999||||xx |||||||||||||| ||und|| | ||
| 040 |
_e210310 _aMAIN |
||
| 041 | _aEnglish | ||
| 082 | _a512.24 G962C | ||
| 100 | _aRamanujan Mathematical society, India | ||
| 245 | 0 | _aCommutative algebra and combinatorics of toric ideals: Proceedings of International Conferences organised by Bhaskaracharya Pratishthana, Pune 8-13 december, 2003 | |
| 260 |
_aIndia _bRamanujan Mathematical Society _c2007 |
||
| 300 | _a180p p. | ||
| 942 | _cBK | ||
| 999 |
_c167751 _d167751 |
||